Visualizzazione normale
Vista MARC
- Lebkowski M.
di Personal Name
Records bibliografici associati: 1
001 - CONTROL NUMBER
- control field: 24912
003 - CONTROL NUMBER IDENTIFIER
- control field: IT-RoPau
005 - DATE AND TIME OF LATEST TRANSACTION
- control field: 20140514123544.0
008 - FIXED-LENGTH DATA ELEMENTS
- fixed length control field: 140514|| aca||aabn | a|a d
040 ## - CATALOGING SOURCE
- Original cataloging agency: IT-RoPau
- Transcribing agency: IT-RoPau
100 ## - HEADING--PERSONAL NAME
- Personal name: Lebkowski M.
- Dates associated with a name: Codice autore testo/musica SPICS: 25532
- Relator term: Autore testo/musica
- Name of part/section of a work: Nie Chodz Do Domu
670 ## - SOURCE DATA FOUND
- Source citation: Work cat.: (IT-RoPau)102577: AA.VV. 794, Z Archiwum Polskiego Beatu, vol. 19 (Lp Sx 2527)